Prostatitis chronica
| Main Author: | |
|---|---|
| Format: | Book |
| Language: | Undetermined |
| PhysicalDescription: | 70 s. |
| Published: |
Praha
Balnea
1970
|
MARC
| LEADER | 00000nam a2200000 a 4500 | ||
|---|---|---|---|
| 001 | vtls001285597 | ||
| 003 | SK-MaSNL | ||
| 005 | 20260301064834.0 | ||
| 008 | 240314s1970 xx 0 und | ||
| 035 | |a SNK000237123 | ||
| 040 | |a SNK |b slo |c SNK |e AACR2 | ||
| 100 | 1 | |a Kohlíček, Jaromír |4 aut |9 280447 | |
| 245 | 1 | 0 | |a Prostatitis chronica |
| 260 | |a Praha |b Balnea |c 1970 | ||
| 300 | |a 70 s. | ||
| 958 | |a OND | ||
| 999 | |c 628409 |d 630339 | ||
| 952 | |t P60, <04>, [BOOK], {604} |a SNK |b SNK |y VYP |7 0 |p 17A0065744 |o snkIC 52353 D1 |0 0 |1 1 |4 0 |d 1997-05-05 |l 0 |r 2005-01-02 00:00:00 |w 2026-02-23 | ||


